Normal view
MARC view
- تأليف أبو علي،محمد بركات حمدي
Entry Personal Name
001 - CONTROL NUMBER
- control field: 9590
003 - CONTROL NUMBER IDENTIFIER
- control field: JO-AjAnu
005 - DATE AND TIME OF LATEST TRANSACTION
- control field: 20230606071837.0
008 - FIXED-LENGTH DATA ELEMENTS
- fixed length control field: 230606|| aca||aabn | a|a d
040 ## - CATALOGING SOURCE
- Original cataloging agency: JO-AjAnu
- Transcribing agency: JO-AjAnu
100 ## - HEADING--PERSONAL NAME
- Personal name: تأليف أبو علي،محمد بركات حمدي
670 ## - SOURCE DATA FOUND
- Source citation: Work cat.: (JO-AjAnu)4946: تأليف أبو علي،محمد بركات حمدي, author, دراسات في النقد الأدبي